Statistiche per Regioni d'Italia Mappa Quiz

Clicka qui per fare il quiz!

Statistiche generali

  • Questo quiz è stato fatto 5,591 volte
  • Il punteggio medio è 17 su 20

Statistiche sulle risposte

Answer % Corretto
Sardegna
96%
Sicilia
95%
Toscana
90%
Lazio
90%
Liguria
87%
Calabria
87%
Puglia
86%
Emilia-Romagna
86%
Piemonte
85%
Lombardia
84%
Valle d'Aosta
84%
Campania
83%
Trentino-Alto Adige
83%
Friuli-Venezia Giulia
81%
Basilicata
79%
Veneto
78%
Molise
77%
Umbria
77%
Marche
77%
Abruzzo
63%

Distribuzione punteggi

Percentile per numero di risposta

Percentuale di utenti per punteggio

I tuoi punteggi nel tempo

Non hai fatto questo quiz